00666 a2200157 4500082001300000090001500013100001500028245004000043260003700083300002100120650001900141942002100160999001500181952014800196952016400344 a297.1229 c3373d3373 aM. Ghazali aKemyay-e-SaadatcM. Ghazalih[Urdu] aLahore:bShabir Brothers,c1993. a884 p. ;c25 cm. aIslamic ethics cBKk297.1229 GHA c7284d7284 00102ddc4070aCLbCLcGENd2020-12-30eShabir Brothers, Lahoreg225.00l2o297.1229 GHApSEECS000223r2026-03-10s2024-08-13w2017-01-05yBK 001040708NFICaCLbCLcGENd2020-12-03eShabir Brothers, Lahoreg225.00l6m2o297.1229 GHApSEECS000222q2025-02-12r2025-01-13s2025-01-13w2017-01-05yBK